000 00238 a2200109 4500
001 44127
040 _cAnchieta - Aquarius
240 1 0 _aXuxa só para baixinhos 5
_l
245 1 0 _aXuxa só para baixinhos 5
650 4 _aMúsica
942 _cMU
999 _c44127
_d44127